IFM Opac

International Finance: (Record no. 22117)

MARC details
000 -LEADER
fixed length control field 00336nam a22001217a 4500
020 ## - INTERNATIONAL STANDARD BOOK NUMBER
ISBN 978-0-273-73186-3
082 ## - DEWEY DECIMAL CLASSIFICATION NUMBER
Classification number 332.042
100 ## - MAIN ENTRY--AUTHOR NAME
Personal name Buckley, Adrian.
245 ## - TITLE STATEMENT
Title International Finance:
Sub Title A Practical Perspective
260 ## - PUBLICATION, DISTRIBUTION, ETC. (IMPRINT)
Place of publication Edinburgh Gate:
Name of publisher Pearson Education Limited,
Year of publication 2012.
300 ## - PHYSICAL DESCRIPTION
Number of Pages xvii, 652p.: ill.; 25cm
942 ## - ADDED ENTRY ELEMENTS (KOHA)
Koha item type Books
Holdings
Withdrawn status Lost status Damaged status Not for loan Collection code Permanent Location Current Location Shelving location Date acquired Source of acquisition Full call number Accession Number Price effective from Koha item type
        Non-fiction IFM Main Campus Library IFM Main Campus Library Work Room processing 01/08/2026 Purchased 332.042 BUC 0000030369 01/08/2026 Books
        Non-fiction IFM Main Campus Library IFM Main Campus Library Work Room processing 01/08/2026 Purchased 332.042 BUC 0000030371 01/08/2026 Books
        Non-fiction IFM Main Campus Library IFM Main Campus Library Work Room processing 01/08/2026 Purchased 332.042 BUC 0000030370 01/08/2026 Books